| 000 -LEADER |
| fixed length control field |
00652cam a2200181Ia 4500 |
| 020 ## - INTERNATIONAL STANDARD BOOK NUMBER |
| ISBN |
0333655494 |
| 040 ## - CATALOGING SOURCE |
| Transcribing agency |
EUN |
| 082 ## - DEWEY DECIMAL CLASSIFICATION NUMBER |
| Classification number |
944 MAC 1996 A102 Or. |
| 100 1# - MAIN ENTRY--AUTHOR NAME |
| Personal name |
Horne, Alistair |
| 245 10 - TITLE STATEMENT |
| Title |
How far from Austerlitz? : |
| Remainder of title |
Napoleon 1805-1815 / |
| 246 30 - VARYING FORM OF TITLE |
| Title proper/short title |
Napoleon 1805-1815 |
| 260 ## - PUBLICATION, DISTRIBUTION, ETC. (IMPRINT) |
| Place of publication |
London : |
| Name of publisher |
Macmillan, |
| Year of publication |
1996 |
| 300 ## - PHYSICAL DESCRIPTION |
| Number of Pages |
xxvi, 429 p., [8] p. of plates : |
| Other physical details |
ill., maps ; |
| Dimensions |
24 cm |
| 500 ## - GENERAL NOTE |
| General note |
Maps on lining papers |
| 500 ## - GENERAL NOTE |
| General note |
"Parts of this book were originally published 1979 by William Morrow and Company Inc., New York, as: Napoleon, master of Europe 1805-1807"--T.p. verso |
| 650 #0 - SUBJECT ADDED ENTRY--TOPICAL TERM |
| Topical Term |
Napoleonic Wars, 1800-1815 |
| 942 ## - ADDED ENTRY ELEMENTS (KOHA) |
| Koha item type |
សៀវភៅភាសាអង់គ្លេស |
| 952 ## - LOCATION AND ITEM INFORMATION (KOHA) |
| Withdrawn status [LOCAL, KOHA] |
0 |